| 000 | 00946cam a2200289 a 4500 | ||
|---|---|---|---|
| 001 | 7089 | ||
| 003 | BD-RjUL | ||
| 005 | 20211208234349.0 | ||
| 008 | 140113s1963 njua b 001 0 eng d | ||
| 035 | _a(BD-RjUL)7131 | ||
| 040 |
_aDLC _cDLC _dm.c _dBD-RjUL _beng |
||
| 041 | 1 |
_aeng _hrus |
|
| 082 |
_a515.64 _bGEC 1963 _223 |
||
| 100 | 1 |
_aGelʹfand, I. M. _q(Izrailʹ Moiseevich) _922202 |
|
| 245 | 1 | 0 |
_aCalculus of variations / _cI.M. Gelfand, S.V. Fomin. |
| 250 | _aRevised English ed. / | ||
| 260 |
_aEnglewood Cliffs : _bPrentice-Hall, _cc1963. |
||
| 300 |
_avii, 232 p. : _bill. ; _c23 cm. |
||
| 500 | _aIncludes index. | ||
| 650 | 0 |
_aCalculus of variations. _97162 |
|
| 700 | 1 |
_aFomin, S. V. _q(Sergeĭ Vasilʹevich) _922203 |
|
| 700 | 1 |
_aSilverman, Richard A. _920359 |
|
| 830 | 0 |
_aSelected Russian publications in the mathematical sciences _9152859 |
|
| 942 |
_2ddc _cBK |
||
| 999 |
_c7089 _d7089 |
||